000
00305nam a22001337a 4500
008
170619b xxu||||| |||| 00| 0 eng d
020
_a
0934540446
041
_a
eng
080
_a
32
100
_a
20
101
_a
SHP
245
_a
CITIZEN POLITICS IN WESTERN DEMOCRACIES
_c
DALTON,R.J
942
_2
udc
_c
BK
999
_c
18110
_d
18110